000
00157nam a2200061Ia 4500
999
_c
10496
_d
10496
003
OSt
005
20230410120742.0
008
170523s9999 xx 000 0 und d
040
_c
IIMT UNIVERSITY
100
_a
DAMODARAN SUMA
245
0
_a
MANAGERIAL ECONOMICS
260
_a
NEW DELHI
_b
OXFORD
_c
2011
300
_a
591
942
_2
ddc
_c
02